[Event "Helsingor Kronborg"]
[Site "Helsingor"]
[Date "2024.05.09"]
[Round "4"]
[White "Stefansson, Vignir Vatnar"]
[Black "Vinter Schou, Uffe"]
[Result "1-0"]
[WhiteElo "2463"]
[BlackElo "2340"]
[PlyCount "117"]
[EventDate "2024.05.08"]
[EventType "tourn"]
[EventRounds "9"]
[EventCountry "DEN"]
[EventCategory "7"]
[SourceTitle "CB20_2024"]
[SourceDate "2024.05.16"]
[SourceVersion "1"]
[SourceVersionDate "2024.05.16"]
[SourceQuality "1"]

1. d4 Nf6 2. c4 e6 3. g3 c5 4. d5 exd5 5. cxd5 d6 6. a4 g6 7. Ra3 Bg7 8. Re3+ Kf8 9. Ra3 Na6 10. f3 h5 11. h4 Kg8 12. e4 Nb4 13. Kf2 Kh7 14. Kg2 b6 15. Nc3 a6 16. Bg5 Qc7 17. Nh3 Nd7 18. Nf2 Ne5 19. Be2 c4 20. Be3 Bd7 21. Qd2 Rhc8 22. Rc1 Qb7 23. Raa1 a5 24. Bd4 Na6 25. Nb5 Bxb5 26. axb5 Nc5 27. Bxc5 Rxc5 28. f4 c3 29. Rxc3 Rxc3 30. Qxc3 Rc8 31. Qb3 Nd7 32. g4 Nc5 33. Qh3 hxg4 34. Bxg4 Re8 35. h5 Kg8 36. hxg6 fxg6 37. Rh1 Qf7 38. b3 Qf6 39. Qg3 Qb2 40. Bf3 Nd3 41. Rf1 Rf8 42. f5 Rf6 43. Bg4 Ne5 44. Kh1 gxf5 45. Bxf5 Qe2 46. Kg2 Kf8 47. Rc1 Kg8 48. Rc8+ Rf8 49. Be6+ Kh7 50. Qh4+ Kg6 51. Bf5+ Rxf5 52. exf5+ Kxf5 53. Qh7+ Kf6 54. Qh4+ Kf5 55. Qh3+ Kg6 56. Rc7 Bf6 57. Qh7+ Kg5 58. Qe4 Qd2 59. Rh7 1-0

[Event "SonFlow Cup"]
[Site "Kolding"]
[Date "2024.04.14"]
[Round "4"]
[White "Stefansson, Vignir Vatnar"]
[Black "Vinter Schou, Uffe"]
[Result "1-0"]
[WhiteElo "2459"]
[BlackElo "2345"]
[PlyCount "53"]
[EventDate "2024.04.12"]
[EventType "swiss"]
[EventRounds "5"]
[EventCountry "DEN"]
[SourceTitle "CB17_2024"]
[SourceDate "2024.04.24"]
[SourceVersion "1"]
[SourceVersionDate "2024.04.24"]
[SourceQuality "1"]

1. e4 c5 2. Nf3 e6 3. c3 Nf6 4. e5 Nd5 5. g3 d6 6. exd6 Bxd6 7. Bg2 Nc6 8. d4 0-0 9. 0-0 Nf6 10. c4 Qb6 11. dxc5 Bxc5 12. Nc3 Rd8 13. Qe2 Nd4 14. Nxd4 Bxd4 15. Nb5 e5 16. Nxd4 exd4 17. Qd3 Qc5 18. Re1 Bf5 19. Qb3 d3 20. Qc3 Ng4 21. Be3 Nxe3 22. Rxe3 Qd4 23. Re8+ Rxe8 24. Qxd4 Rad8 25. Bd5 b6 26. Rd1 h5 27. Rxd3 1-0

[Event "DEN-chT 2324 61st"]
[Site "Denmark"]
[Date "2024.03.03"]
[Round "7.5"]
[White "Easwaralingam, Adesh"]
[Black "Vinter Schou, Uffe"]
[Result "0-1"]
[WhiteElo "2156"]
[BlackElo "2348"]
[PlyCount "58"]
[EventDate "2023.10.28"]
[EventType "team-tourn"]
[EventRounds "9"]
[EventCountry "DEN"]
[SourceTitle "CB11_2024"]
[SourceDate "2024.03.13"]
[SourceVersion "1"]
[SourceVersionDate "2024.03.13"]
[SourceQuality "1"]
[WhiteTeam "Fredericia"]
[BlackTeam "Aarhus/Skolerne"]
[WhiteTeamCountry "DEN"]
[BlackTeamCountry "DEN"]

1. e4 c5 2. Nf3 e6 3. d4 cxd4 4. Nxd4 a6 5. c4 Nf6 6. Bd3 Nc6 7. Nxc6 dxc6 8. 0-0 e5 9. Nc3 Bc5 10. h3 Be6 11. Qf3 Qe7 12. Rb1 b5 13. Qg3 bxc4 14. Bc2 Bd4 15. Kh1 0-0 16. f4 Nh5 17. Qf3 Nxf4 18. Bxf4 exf4 19. Ne2 Be5 20. Nxf4 Rfd8 21. Rf2 Rd7 22. b4 Rad8 23. Ba4 Rd6 24. Rc1 c3 25. a3 Bc4 26. Ne2 Rd3 27. Qg4 Rd2 28. Qf3 R8d3 29. Qf5 g6 0-1

[Event "Kragero op"]
[Site "Kragero"]
[Date "2024.02.25"]
[Round "9"]
[White "Fiskaaen, Martin Holten"]
[Black "Vinter Schou, Uffe"]
[Result "0-1"]
[WhiteElo "2154"]
[BlackElo "2354"]
[PlyCount "78"]
[EventDate "2024.02.21"]
[EventType "swiss"]
[EventRounds "9"]
[EventCountry "NOR"]
[SourceTitle "CB09_2024"]
[SourceDate "2024.02.28"]
[SourceVersion "1"]
[SourceVersionDate "2024.02.28"]
[SourceQuality "1"]

1. d4 Nf6 2. c4 e6 3. Nf3 c5 4. d5 exd5 5. cxd5 d6 6. Nc3 g6 7. e4 Bg7 8. Bf4 0-0 9. Bd3 Nh5 10. Be3 Qe7 11. 0-0 Nd7 12. Qd2 Re8 13. Rfe1 a6 14. a4 Qf8 15. Rad1 h6 16. Ne2 Nhf6 17. Ng3 Ng4 18. Bf4 g5 19. Be3 Nde5 20. Be2 Nxe3 21. fxe3 Ng6 22. a5 g4 23. b4 gxf3 24. gxf3 f5 25. bxc5 f4 26. exf4 Nxf4 27. cxd6 Qxd6 28. Kh1 Be5 29. Rg1 Kh8 30. Rb1 Rg8 31. Rb6 Qf8 32. Bf1 Rg6 33. Rb1 Qg7 34. Bc4 Bh3 35. Bf1 Rf8 36. Rb3 Rg8 37. Rb1 h5 38. Bxh3 Nxh3 39. Rgf1 h4 0-1

[Event "Kragero op"]
[Site "Kragero"]
[Date "2024.02.22"]
[Round "3"]
[White "Austad, Eirik Strom"]
[Black "Vinter Schou, Uffe"]
[Result "1-0"]
[WhiteElo "2095"]
[BlackElo "2354"]
[PlyCount "73"]
[EventDate "2024.02.21"]
[EventType "swiss"]
[EventRounds "9"]
[EventCountry "NOR"]
[SourceTitle "CB09_2024"]
[SourceDate "2024.02.28"]
[SourceVersion "1"]
[SourceVersionDate "2024.02.28"]
[SourceQuality "1"]

1. Nf3 c5 2. b3 Nf6 3. Bb2 e6 4. e3 b6 5. d4 Bb7 6. Nbd2 Nc6 7. Be2 Be7 8. 0-0 0-0 9. c4 Rc8 10. Rc1 Qc7 11. Bd3 cxd4 12. exd4 Qf4 13. Re1 d5 14. a3 dxc4 15. bxc4 Rfd8 16. Qe2 Bd6 17. Ne4 Nxe4 18. Bxe4 Ba6 19. Qc2 Qh6 20. Qa4 Bb7 21. c5 bxc5 22. dxc5 Bf4 23. Rcd1 Re8 24. Rd7 Ba8 25. g3 Bb8 26. h4 f6 27. Kg2 Qh5 28. Ng5 e5 29. Bd5+ Kf8 30. Rf7+ Qxf7 31. Nxf7 Re7 32. Nd6 Bxd6 33. cxd6 Rd7 34. Be6 Nd4+ 35. Kh3 Bc6 36. Bxd7 Bxa4 37. Bxc8 1-0

[Event "DEN-chT 2324 61st"]
[Site "Denmark"]
[Date "2023.11.26"]
[Round "3.5"]
[White "Hansen, Lars"]
[Black "Vinter Schou, Uffe"]
[Result "1/2-1/2"]
[WhiteElo "2189"]
[BlackElo "2348"]
[PlyCount "83"]
[EventDate "2023.10.28"]
[EventType "team-tourn"]
[EventRounds "9"]
[EventCountry "DEN"]
[SourceTitle "CB11_2024"]
[SourceDate "2024.03.13"]
[SourceVersion "1"]
[SourceVersionDate "2024.03.13"]
[SourceQuality "1"]
[WhiteTeam "Copenhagen 68"]
[BlackTeam "Aarhus/Skolerne"]
[WhiteTeamCountry "DEN"]
[BlackTeamCountry "DEN"]

1. d4 Nf6 2. Bg5 e6 3. e4 h6 4. Bxf6 Qxf6 5. c3 e5 6. dxe5 Qxe5 7. Nd2 Bc5 8. Ngf3 Qe7 9. Bd3 0-0 10. 0-0 d6 11. Qc2 a5 12. Nd4 Nc6 13. Nxc6 bxc6 14. Rae1 Qf6 15. Nc4 Be6 16. Qa4 d5 17. Ne3 d4 18. Qxc6 Bd6 19. Nd5 Qg5 20. cxd4 Bxd5 21. Qxd5 Qxd5 22. exd5 Rab8 23. b3 Rfe8 24. Re2 Kf8 25. Rc1 Rb4 26. Rxe8+ Kxe8 27. Bc4 Kd7 28. Kf1 Rb8 29. a4 Bf4 30. Rc3 Kd6 31. Rf3 Bg5 32. Ke2 Re8+ 33. Kd3 Re7 34. g3 f6 35. h4 Bc1 36. Kc2 Re1 37. Rd3 g5 38. Rd1 Rxd1 39. Kxd1 Bb2 40. hxg5 fxg5 41. Kd2 Bxd4 42. g4 1/2-1/2

[Event "Wch Seniors 50 31st"]
[Site "Terassini"]
[Date "2023.11.03"]
[Round "9"]
[White "Kalisky, Vladimir"]
[Black "Vinter Schou, Uffe"]
[Result "0-1"]
[WhiteElo "2169"]
[BlackElo "2345"]
[PlyCount "77"]
[EventDate "2023.10.25"]
[EventType "swiss"]
[EventRounds "11"]
[EventCountry "ITA"]
[SourceTitle "Mega2024 Update 01"]
[Source "Chessbase"]
[SourceDate "2023.11.12"]
[SourceVersion "1"]
[SourceVersionDate "2023.11.12"]
[SourceQuality "1"]

1. c4 e5 2. Nc3 Nf6 3. Nf3 Nc6 4. g3 d5 5. cxd5 Nxd5 6. Bg2 Nb6 7. 0-0 Be7 8. b3 0-0 9. Bb2 Be6 10. Rc1 f5 11. d3 Bf6 12. Qc2 Qd7 13. Rfd1 Rad8 14. Qb1 g5 15. Nd2 g4 16. Qa1 Qg7 17. Nc4 Nd4 18. Nd2 e4 19. Bf1 exd3 20. exd3 Nd7 21. Re1 Ne5 22. Kh1 Qh6 23. Re3 Nef3 24. Nxf3 Nxf3 25. h3 Bg5 26. Rce1 Nxe1 27. Qxe1 Bxe3 28. fxe3 gxh3 29. Kh2 Rd7 30. Nd1 Kf7 31. Be2 Ke8 32. Qa5 a6 33. Qc5 Bd5 34. Ba3 Rg8 35. Qd4 Qg7 36. Qf4 Qg6 37. Nc3 Bc6 38. Qh4 Qg5 39. Nb1 0-1

[Event "Wch Seniors 50 31st"]
[Site "Terassini"]
[Date "2023.11.02"]
[Round "8"]
[White "Vinter Schou, Uffe"]
[Black "Boulard, Eric"]
[Result "1/2-1/2"]
[WhiteElo "2345"]
[BlackElo "2181"]
[PlyCount "80"]
[EventDate "2023.10.25"]
[EventType "swiss"]
[EventRounds "11"]
[EventCountry "ITA"]
[SourceTitle "Mega2024 Update 01"]
[Source "Chessbase"]
[SourceDate "2023.11.12"]
[SourceVersion "1"]
[SourceVersionDate "2023.11.12"]
[SourceQuality "1"]

1. e4 c6 2. d4 d5 3. exd5 cxd5 4. Bd3 Nc6 5. c3 Nf6 6. h3 e5 7. dxe5 Nxe5 8. Bc2 Bc5 9. Ne2 0-0 10. 0-0 Ne4 11. Bf4 Ng6 12. Nd2 Qf6 13. Bxe4 Nxf4 14. Nxf4 dxe4 15. Nxe4 Qxf4 16. Nxc5 Bxh3 17. Nd3 Qg5 18. Qf3 Bf5 19. Ne5 Be6 20. Rfe1 Rad8 21. c4 Qe7 22. Qe3 a6 23. b3 Rfe8 24. Nf3 Qc7 25. Nd4 h6 26. Qc3 Bd7 27. b4 Qf4 28. Re2 Rxe2 29. Nxe2 Qg5 30. Rd1 Bc6 31. Rxd8+ Qxd8 32. Nd4 Qd7 33. Qe3 Qd6 34. a3 Qg6 35. f3 h5 36. Qe5 Kh7 37. Kh2 Bd7 38. Qc7 Bc6 39. Nxc6 bxc6 40. a4 Qg5 1/2-1/2

[Event "Wch Seniors 50 31st"]
[Site "Terassini"]
[Date "2023.11.01"]
[Round "7"]
[White "Stefansson, Hannes"]
[Black "Vinter Schou, Uffe"]
[Result "1-0"]
[WhiteElo "2529"]
[BlackElo "2345"]
[PlyCount "105"]
[EventDate "2023.10.25"]
[EventType "swiss"]
[EventRounds "11"]
[EventCountry "ITA"]
[SourceTitle "Mega2024 Update 01"]
[Source "Chessbase"]
[SourceDate "2023.11.12"]
[SourceVersion "1"]
[SourceVersionDate "2023.11.12"]
[SourceQuality "1"]

1. e4 c5 2. Nf3 e6 3. d4 cxd4 4. Nxd4 Nc6 5. Nc3 Qc7 6. Be3 a6 7. a3 b5 8. Nxc6 Qxc6 9. Bd3 Bb7 10. 0-0 Nf6 11. Qf3 h5 12. Bf4 Be7 13. Rfe1 h4 14. h3 Rh5 15. Bf1 Rc8 16. Rad1 g6 17. Bd3 Kf8 18. Qe3 Bc5 19. Qd2 Kg7 20. Be2 Rhh8 21. Bf3 Qb6 22. Be5 Bc6 23. Bxf6+ Kxf6 24. e5+ Kg7 25. Bxc6 dxc6 26. Qf4 Rh5 27. Qf6+ Kg8 28. Ne4 Rf5 29. Qxh4 Kg7 30. g4 Rf3 31. Kg2 Rh8 32. Qxh8+ Kxh8 33. Kxf3 Bd4 34. c3 Bxe5 35. Ng5 Bf6 36. Nxf7+ Kg8 37. Nd6 Bh4 38. Ne4 Qc7 39. g5 Qh2 40. Rg1 Qxh3+ 41. Ke2 e5 42. Rd3 Qf5 43. Re3 Qf4 44. Rg2 Kg7 45. f3 Qf7 46. Rg4 Qa2 47. Rxh4 Qxb2+ 48. Nd2 Qxa3 49. Rhe4 a5 50. Rxe5 a4 51. f4 Qd6 52. Ne4 Qd7 53. Nf6 1-0

[Event "EU-ch Seniors 50 22nd"]
[Site "Acqui Terme"]
[Date "2023.06.02"]
[Round "8"]
[White "Vinter Schou, Uffe"]
[Black "Bub, Volker"]
[Result "1-0"]
[WhiteElo "2351"]
[BlackElo "2079"]
[PlyCount "85"]
[EventDate "2023.05.26"]
[EventType "swiss"]
[EventRounds "9"]
[EventCountry "ITA"]
[SourceTitle "CBM 214 Extra"]
[Source "ChessBase"]
[SourceDate "2023.07.31"]
[SourceVersion "1"]
[SourceVersionDate "2023.07.31"]
[SourceQuality "1"]

1. Nf3 Nf6 2. c4 g6 3. g3 Bg7 4. Bg2 0-0 5. 0-0 d6 6. d4 Nbd7 7. Nc3 e5 8. e4 c6 9. h3 exd4 10. Nxd4 Nc5 11. Bf4 Re8 12. Re1 Nh5 13. Be3 Nf6 14. Qc2 a5 15. Rad1 Qe7 16. b3 Nfd7 17. f4 Nf6 18. Bf2 Nh5 19. Qd2 Qc7 20. Nde2 Bf8 21. g4 Nf6 22. Ng3 Bxg4 23. hxg4 Nxg4 24. Bxc5 dxc5 25. e5 Rad8 26. Qe2 h5 27. Bf3 f5 28. Bxg4 hxg4 29. Qh2 Rd4 30. Nge2 Rdd8 31. Qh4 Qe7 32. Qxe7 Bxe7 33. Rxd8 Rxd8 34. Rd1 Rb8 35. Kg2 Kf7 36. Nc1 g5 37. Nd3 gxf4 38. Nxf4 Bg5 39. Rd7+ Kg8 40. Ne6 Be3 41. Nd8 Bd4 42. e6 Bf6 43. Nxb7 1-0

[Event "EU-ch Seniors 50 22nd"]
[Site "Acqui Terme"]
[Date "2023.06.01"]
[Round "7"]
[White "Lacasa Diaz, Jose Antonio"]
[Black "Vinter Schou, Uffe"]
[Result "1-0"]
[WhiteElo "2359"]
[BlackElo "2351"]
[PlyCount "189"]
[EventDate "2023.05.26"]
[EventType "swiss"]
[EventRounds "9"]
[EventCountry "ITA"]
[SourceTitle "CBM 214 Extra"]
[Source "ChessBase"]
[SourceDate "2023.07.31"]
[SourceVersion "1"]
[SourceVersionDate "2023.07.31"]
[SourceQuality "1"]

1. e4 c6 2. d4 d5 3. e5 Bf5 4. Nd2 e6 5. Nb3 Nd7 6. Nf3 h6 7. Be2 Ne7 8. 0-0 g5 9. a4 Qc7 10. a5 Rc8 11. Bd2 c5 12. Nxc5 Nxc5 13. dxc5 a6 14. Nd4 Bg6 15. c4 Bg7 16. cxd5 Nxd5 17. Qa4+ Kf8 18. Nf3 Kg8 19. Rfe1 Kh7 20. Rac1 Ne7 21. h4 gxh4 22. Qxh4 Rhd8 23. b4 Nf5 24. Qf4 Qc6 25. Bc3 Ne7 26. Qh4 Nf5 27. Qh2 Kg8 28. Bc4 Rd7 29. Qf4 h5 30. g4 hxg4 31. Qxg4 Rcd8 32. Be2 Qa4 33. Ng5 Nd4 34. Ne4 Nxe2+ 35. Qxe2 Rd3 36. Nd6 Qc6 37. Qg4 Qd5 38. Qg2 Qb3 39. Re3 Rxe3 40. fxe3 Bxe5 41. Qd2 Bxc3 42. Qxc3 Qd5 43. Qf6 Rb8 44. Rf1 Qh5 45. Qf4 e5 46. Qg3 Kf8 47. Kg2 Rd8 48. Kg1 Rd7 49. Rf2 Re7 50. Rd2 Re6 51. Rg2 Re7 52. Qg4 Qxg4 53. Rxg4 Bd3 54. Kf2 Bb1 55. Rg1 Ba2 56. e4 Be6 57. Ke3 Rc7 58. Rg2 Bd7 59. Rg5 Bc6 60. Rxe5 Re7 61. Rxe7 Kxe7 62. Kf4 Ke6 63. Nf5 Ba4 64. Nd4+ Ke7 65. Ke5 f6+ 66. Kf5 Kf7 67. Kf4 Bd7 68. Ke3 Ke7 69. Ne2 Bc6 70. Kd4 Kd7 71. Nf4 Ke7 72. Nd3 Ke6 73. Nb2 Bb5 74. Nc4 Bc6 75. Ne3 Bb5 76. Nd5 Bc6 77. Nf4+ Ke7 78. e5 fxe5+ 79. Kxe5 Kd7 80. Ne6 Bg2 81. Nd4 Bf1 82. c6+ Kc7 83. cxb7 Kxb7 84. Kd6 Bg2 85. Nb3 Bf1 86. Nc5+ Ka7 87. Kc7 Bb5 88. Ne6 Bf1 89. Nd4 Bg2 90. Nc6+ Ka8 91. Kb6 Bf1 92. Ne5 Bb5 93. Nf7 Bc4 94. Nd6 Bd3 95. Nb7 1-0

[Event "EU-ch Seniors 50 22nd"]
[Site "Acqui Terme"]
[Date "2023.05.29"]
[Round "4"]
[White "Vinter Schou, Uffe"]
[Black "Balzer, Lars"]
[Result "1-0"]
[WhiteElo "2351"]
[BlackElo "2018"]
[PlyCount "63"]
[EventDate "2023.05.26"]
[EventType "swiss"]
[EventRounds "9"]
[EventCountry "ITA"]
[SourceTitle "CBM 214 Extra"]
[Source "ChessBase"]
[SourceDate "2023.07.31"]
[SourceVersion "1"]
[SourceVersionDate "2023.07.31"]
[SourceQuality "1"]

1. Nf3 g6 2. d4 Bg7 3. c4 d6 4. g3 Nf6 5. Bg2 0-0 6. 0-0 c6 7. Nc3 Qa5 8. e4 Bg4 9. h3 Bxf3 10. Qxf3 e5 11. Be3 Nbd7 12. Rfd1 a6 13. Qe2 Rab8 14. a3 b5 15. b4 Qc7 16. Rac1 Qb7 17. d5 cxd5 18. Nxd5 Nxd5 19. Rxd5 Nb6 20. cxb5 Nxd5 21. bxa6 Qd7 22. exd5 f5 23. Rc6 f4 24. Bd2 fxg3 25. fxg3 e4 26. Be3 Be5 27. Qg4 Qg7 28. Qxe4 Bxg3 29. Bd4 Qh6 30. Qe6+ Rf7 31. a7 Rbf8 32. Rc8 1-0

[Event "Kolding SonFlow Cup 2"]
[Site "Kolding"]
[Date "2023.04.23"]
[Round "4"]
[White "Vinter Schou, Uffe"]
[Black "Kopylov, Michael"]
[Result "1/2-1/2"]
[WhiteElo "2360"]
[BlackElo "2354"]
[PlyCount "30"]
[EventDate "2023.04.21"]
[EventType "tourn"]
[EventRounds "5"]
[EventCountry "DEN"]
[EventCategory "4"]
[SourceTitle "CBM 213 Extra"]
[Source "ChessBase"]
[SourceDate "2023.05.31"]
[SourceVersion "1"]
[SourceVersionDate "2023.05.31"]
[SourceQuality "1"]

1. Nf3 g6 2. d4 Nf6 3. g3 Bg7 4. Bg2 c5 5. dxc5 Na6 6. Qd4 Qc7 7. Nc3 Qxc5 8. Be3 Qxd4 9. Bxd4 Nb4 10. 0-0-0 0-0 11. h3 d6 12. e4 Nc6 13. Be3 Bd7 14. Nd4 Rfc8 15. Nde2 Kf8 1/2-1/2

[Event "Kolding SonFlow Cup 2"]
[Site "Kolding"]
[Date "2023.04.22"]
[Round "3"]
[White "Sidhant, Mohapatra"]
[Black "Vinter Schou, Uffe"]
[Result "1-0"]
[WhiteElo "2376"]
[BlackElo "2360"]
[PlyCount "135"]
[EventDate "2023.04.21"]
[EventType "tourn"]
[EventRounds "5"]
[EventCountry "DEN"]
[EventCategory "4"]
[SourceTitle "CBM 213 Extra"]
[Source "ChessBase"]
[SourceDate "2023.05.31"]
[SourceVersion "1"]
[SourceVersionDate "2023.05.31"]
[SourceQuality "1"]

1. e4 c5 2. Nf3 e6 3. d4 cxd4 4. Nxd4 a6 5. Bd3 g6 6. Be3 Bg7 7. 0-0 Ne7 8. c4 Nbc6 9. Nxc6 bxc6 10. Nc3 d6 11. Be2 0-0 12. Qd2 Qc7 13. Rfd1 Rd8 14. Na4 Rb8 15. Rac1 Rd7 16. c5 d5 17. Nb6 Rd8 18. b4 Bb7 19. Qc2 Qe5 20. Bd3 f5 21. exf5 Nxf5 22. Bxf5 Qxf5 23. Qxf5 gxf5 24. f4 Kf7 25. Bd4 Bxd4+ 26. Rxd4 Ke7 27. Rc3 Rg8 28. Rh3 Rg7 29. Rdd3 Rbg8 30. Rhg3 Rg6 31. Kf2 Rg4 32. Rxg4 Rxg4 33. Rf3 a5 34. h3 Rg8 35. bxa5 Ba6 36. Rg3 Rxg3 37. Kxg3 h5 38. Kf2 d4 39. g3 Kd8 40. Ke1 Kc7 41. h4 Bb5 42. Kd2 Kd8 43. Kc2 Kc7 44. Kb3 Be2 45. Nc4 Kb7 46. Ne5 Bf1 47. Kc2 Be2 48. Kd2 Bf1 49. Nf3 Bc4 50. a3 Ka6 51. Nxd4 Bd5 52. Kc3 Kxa5 53. Nc2 Ka4 54. Kd4 Be4 55. Ne3 Kxa3 56. Nc4+ Kb4 57. Nd6 Bf3 58. Ne8 Kb5 59. Nc7+ Kb4 60. Nxe6 Kb5 61. Ke5 Be4 62. Kd6 Kc4 63. Nd8 Kd4 64. Nxc6+ Ke3 65. Ne7 Kf3 66. c6 Kxg3 67. c7 Bb7 68. Ng6 1-0

[Event "Nordsjalland Weekend op-A"]
[Site "Allerod"]
[Date "2023.01.08"]
[Round "5"]
[White "Thuesen, Mogens Henrik"]
[Black "Vinter Schou, Uffe"]
[Result "0-1"]
[WhiteElo "2137"]
[BlackElo "2367"]
[PlyCount "66"]
[EventDate "2023.01.06"]
[EventType "swiss"]
[EventRounds "5"]
[EventCountry "DEN"]
[SourceTitle "EXT 2024"]
[Source "ChessBase"]
[SourceDate "2023.10.10"]
[SourceVersion "1"]
[SourceVersionDate "2023.10.10"]
[SourceQuality "1"]

1. d4 Nf6 2. c4 e6 3. Nc3 Bb4 4. e3 0-0 5. Nge2 d5 6. a3 Be7 7. Ng3 c5 8. cxd5 Nxd5 9. Bd3 cxd4 10. exd4 Nc6 11. Be4 Nf6 12. d5 exd5 13. Bxd5 Bg4 14. Bf3 Bxf3 15. Qxf3 Ne5 16. Qd1 Nd3+ 17. Ke2 Nxc1+ 18. Rxc1 Qb6 19. Qc2 Rfe8 20. Kf1 Rac8 21. Re1 Qa6+ 22. Kg1 Bxa3 23. Rxe8+ Rxe8 24. h3 Bd6 25. Nge2 Qa1+ 26. Nd1 Be5 27. Nc1 h5 28. g3 h4 29. Kg2 Qa5 30. Nc3 hxg3 31. fxg3 Bxc3 32. Qxc3 Qxc3 33. bxc3 Re3 0-1

[Event "Wch Seniors 50 30th"]
[Site "Assisi"]
[Date "2022.11.18"]
[Round "4"]
[White "Vinter Schou, Uffe"]
[Black "Nevednichy, Vladislav"]
[Result "1/2-1/2"]
[WhiteElo "2375"]
[BlackElo "2499"]
[PlyCount "139"]
[EventDate "2022.11.15"]
[EventType "swiss"]
[EventRounds "11"]
[EventCountry "ITA"]
[SourceTitle "CBM 211 Extra"]
[Source "ChessBase"]
[SourceDate "2023.01.31"]
[SourceVersion "1"]
[SourceVersionDate "2023.01.31"]
[SourceQuality "1"]

1. Nf3 Nf6 2. c4 g6 3. g3 Bg7 4. Bg2 0-0 5. 0-0 d6 6. d4 c6 7. Nc3 Bf5 8. Re1 Ne4 9. Qb3 Nxc3 10. bxc3 Bc8 11. e4 Nd7 12. a4 Qc7 13. Be3 c5 14. a5 e5 15. dxe5 dxe5 16. Nd2 Rb8 17. Nf1 Nf6 18. Bc1 Be6 19. Ne3 h6 20. Rd1 Rfd8 21. Nd5 Bxd5 22. cxd5 Ne8 23. Be3 Nd6 24. f3 Kh7 25. Bf1 Rf8 26. Qa3 Rbc8 27. Bd3 f5 28. Kg2 f4 29. Bg1 h5 30. Rf1 Rf7 31. Rae1 g5 32. gxf4 gxf4 33. Bf2 Bf8 34. c4 Qd7 35. Rg1 Rg7+ 36. Kh1 Nf7 37. Rxg7+ Kxg7 38. Rg1+ Kh7 39. Bf1 Bd6 40. h4 Rg8 41. Rxg8 Kxg8 42. Kh2 Qd8 43. Bh3 Kg7 44. Qa1 Nh8 45. Bf5 Ng6 46. Kh3 Nf8 47. Qg1+ Kf7 48. Bxc5 Bxc5 49. Qxc5 b6 50. axb6 Qxb6 51. Qxb6 axb6 52. Kg2 Ke7 53. Kf2 Kd6 54. Ke2 Kc5 55. Kd3 b5 56. cxb5 Kxb5 57. Kc3 Kc5 58. Kb3 Kd4 59. d6 Ke3 60. Kc4 Kxf3 61. Kd5 Kg3 62. Kxe5 f3 63. Bc8 Kxh4 64. Kf4 f2 65. Ba6 Ne6+ 66. Kf3 Kg5 67. Kxf2 Kf4 68. Bc8 Nc5 69. Bf5 Ke5 70. d7 1/2-1/2

[Event "DEN-chT 2223 60th"]
[Site "Denmark"]
[Date "2022.10.29"]
[Round "1.1"]
[White "Haubro, Martin"]
[Black "Vinter Schou, Uffe"]
[Result "1-0"]
[WhiteElo "2398"]
[BlackElo "2382"]
[PlyCount "107"]
[EventDate "2022.10.29"]
[EventType "team-tourn"]
[EventRounds "9"]
[EventCountry "DEN"]
[SourceTitle "EXT 2024"]
[Source "ChessBase"]
[SourceDate "2023.10.10"]
[SourceVersion "1"]
[SourceVersionDate "2023.10.10"]
[SourceQuality "1"]
[WhiteTeam "BMS"]
[BlackTeam "Aarhus/Skolerne"]
[WhiteTeamCountry "DEN"]
[BlackTeamCountry "DEN"]

1. e4 c5 2. Nf3 e6 3. d4 cxd4 4. Nxd4 a6 5. Bd3 g6 6. Nc3 Bg7 7. Be3 d6 8. Qd2 Nf6 9. f3 Nc6 10. 0-0-0 Qc7 11. Be2 d5 12. exd5 Nxd5 13. Nxd5 exd5 14. Nxc6 bxc6 15. Bd4 0-0 16. Bxg7 Kxg7 17. Qc3+ Kg8 18. Rxd5 Re8 19. Rd2 Bf5 20. g3 Qb6 21. Rhd1 h5 22. Bc4 Be6 23. b3 Qc5 24. Qd4 Qa3+ 25. Kb1 a5 26. Bxe6 Rxe6 27. Qc3 Rae8 28. Rd8 c5 29. Rxe8+ Rxe8 30. Rd5 Rc8 31. Rd7 c4 32. Qf6 Qf8 33. Qe7 cxb3 34. Qxf8+ Kxf8 35. axb3 Rc3 36. f4 h4 37. Rd3 Rc5 38. Kb2 Ke7 39. Rd4 Ke6 40. gxh4 Rh5 41. Ka3 Kf5 42. c4 Rxh4 43. Ka4 g5 44. Rd5+ Kxf4 45. Rd4+ Ke5 46. Rxh4 gxh4 47. Kxa5 f5 48. Kb4 Kd4 49. c5 Kd5 50. Kb5 f4 51. c6 Kd6 52. Kc4 Kxc6 53. h3 f3 54. Kd3 1-0

[Event "Odense IM"]
[Site "Odense"]
[Date "2022.10.16"]
[Round "5"]
[White "Ochsner, Bjorn Moller"]
[Black "Vinter Schou, Uffe"]
[Result "1-0"]
[WhiteElo "2504"]
[BlackElo "2382"]
[PlyCount "67"]
[EventDate "2022.10.14"]
[EventType "tourn"]
[EventRounds "5"]
[EventCountry "DEN"]
[EventCategory "7"]
[SourceTitle "CBM 210 Extra"]
[Source "ChessBase"]
[SourceDate "2022.11.30"]
[SourceVersion "1"]
[SourceVersionDate "2022.11.30"]
[SourceQuality "1"]

1. e4 c5 2. Nf3 e6 3. c3 Nf6 4. e5 Nd5 5. Bc4 Nb6 6. Bb3 Nc6 7. 0-0 c4 8. Bc2 Qc7 9. Re1 d6 10. exd6 Bxd6 11. d4 cxd3 12. Qxd3 Bd7 13. Nbd2 Ne5 14. Nxe5 Bxe5 15. Nf3 Bf6 16. Qe2 Nc4 17. Bd3 Rc8 18. Rb1 0-0 19. b3 Nd6 20. Bf4 Rfd8 21. Rbd1 Be8 22. Ng5 e5 23. Nxh7 Be7 24. Bxe5 f6 25. Bd4 Rd7 26. Qg4 Qd8 27. Re3 Bf7 28. Rxe7 Rxe7 29. Nxf6+ Kf8 30. Nh7+ Ke8 31. Qxg7 Kd7 32. Bf6 Bh5 33. Bxe7 Qxe7 34. Nf6+ 1-0

[Event "Odense IM"]
[Site "Odense"]
[Date "2022.10.15"]
[Round "3"]
[White "Pedersen, Steffen"]
[Black "Vinter Schou, Uffe"]
[Result "1/2-1/2"]
[WhiteElo "2348"]
[BlackElo "2382"]
[PlyCount "52"]
[EventDate "2022.10.14"]
[EventType "tourn"]
[EventRounds "5"]
[EventCountry "DEN"]
[EventCategory "7"]
[SourceTitle "CBM 210 Extra"]
[Source "ChessBase"]
[SourceDate "2022.11.30"]
[SourceVersion "1"]
[SourceVersionDate "2022.11.30"]
[SourceQuality "1"]

1. d4 g6 2. c4 Bg7 3. e4 c5 4. d5 d6 5. Be2 Nf6 6. Nc3 0-0 7. Be3 e6 8. Nf3 exd5 9. cxd5 b5 10. e5 Ng4 11. Bg5 Qb6 12. exd6 b4 13. Ne4 f5 14. Ned2 Ba6 15. Be7 Nd7 16. 0-0 Rfe8 17. Qa4 Rxe7 18. Bxa6 Qxd6 19. Nc4 Nb6 20. Qc2 Nxc4 21. Bxc4 Re4 22. h3 Ne5 23. Nxe5 Bxe5 24. Rfe1 Re8 25. Rxe4 fxe4 26. Re1 Bd4 1/2-1/2

[Event "Odense IM"]
[Site "Odense"]
[Date "2022.10.14"]
[Round "1"]
[White "Haubro, Martin"]
[Black "Vinter Schou, Uffe"]
[Result "1/2-1/2"]
[WhiteElo "2398"]
[BlackElo "2382"]
[PlyCount "74"]
[EventDate "2022.10.14"]
[EventType "tourn"]
[EventRounds "5"]
[EventCountry "DEN"]
[EventCategory "7"]
[SourceTitle "CBM 210 Extra"]
[Source "ChessBase"]
[SourceDate "2022.11.30"]
[SourceVersion "1"]
[SourceVersionDate "2022.11.30"]
[SourceQuality "1"]

1. e4 g6 2. d4 Bg7 3. Nc3 d5 4. Nxd5 c6 5. Ne3 Qxd4 6. Qxd4 Bxd4 7. Nf3 Bg7 8. Bc4 Nd7 9. a4 Nc5 10. e5 Be6 11. b4 Bxc4 12. Nxc4 Ne6 13. 0-0 Nh6 14. Rd1 0-0 15. Bxh6 Bxh6 16. Na5 Rfc8 17. Nxb7 Rab8 18. Rd7 Kf8 19. Na5 Rxb4 20. c3 Rb2 21. Rxa7 Nc5 22. Nd4 Rcb8 23. g3 Ne4 24. Naxc6 Rc8 25. f4 Nxc3 26. Nxe7 Rc4 27. Ndc6 Ne2+ 28. Kh1 Bxf4 29. gxf4 Nxf4 30. Rg1 f6 31. e6 Nxe6 32. Ra8+ Kf7 33. Re1 Rcc2 34. Nd8+ Nxd8 35. Rxd8 Rxh2+ 36. Kg1 Rhg2+ 37. Kh1 Rh2+ 1/2-1/2